| 000 | 01290nam a22004337a 4500 | ||
|---|---|---|---|
| 001 | 0040868 | ||
| 003 | KOHA_MİRAKIL | ||
| 005 | 20260207003216.0 | ||
| 007 | ta | ||
| 008 | 130730b2012 tu |||gr||||#0|||1|tur | | ||
| 020 | _a9789757663690 | ||
| 040 |
_aTR-BiSEU _btur _cTR-BiSEU _erda |
||
| 041 | 0 | _atur | |
| 044 | _ctu | ||
| 050 |
_aPL248.A98 _bB38 2012 |
||
| 100 | 1 | _aAyverdi, Sâmiha. | |
| 245 | 1 |
_aBatmayan gün/ _cSâmiha Ayverdi ; Sâmiha Ayverdi ; yayına hazırlayan Aysel Yüksel. |
|
| 250 | _a7. Basım | ||
| 264 | 1 |
_aİstanbul : _bKubbealtı Neşriyat _c2012 |
|
| 300 |
_a296 sayfa ; _c18 cm. |
||
| 336 |
_ametin _btxt _2rdacontent |
||
| 337 |
_aaracısız _bn _2rdamedia |
||
| 338 |
_acilt _bnc _2rdacarrier |
||
| 490 | 1 |
_aKubbealtı Neşriyâtı ; _v79. |
|
| 490 | 1 |
_aAyverdi Enstitüsü Neşriyatı ; _vno. |
|
| 490 | 1 | _a18. | |
| 490 | 1 |
_aSamiha Ayverdi Külliyatı ; _vno. |
|
| 490 | 1 | _a1 | |
| 500 | _aDizin var. | ||
| 650 | 0 |
_aTürk romanı _95504 |
|
| 650 | 0 |
_aTurkish fiction _96661 |
|
| 830 | 1 |
_aKubbealtı Neşriyâtı ; _v79. _975019 |
|
| 830 | 1 |
_aAyverdi Enstitüsü Neşriyatı ; _vno. _945895 |
|
| 830 | 1 |
_a18. _913537 |
|
| 830 | 1 |
_aSamiha Ayverdi Külliyatı ; _vno. _975578 |
|
| 830 | 1 |
_a1 _92570 |
|
| 907 | _aRoman | ||
| 942 |
_2lcc _cBK |
||
| 999 |
_c40732 _d40732 |
||